Gloria [sic] i honor que tributa lo poble de Canyamàs al seu patró i advocat lo protomartyr sant Esteve / lletra i dibuixos de Joaquim Mascaró i música d'Albert Prats
Descripción Física:
1 f. : il. ; 32 cm
Otros Autores:
Prats, Albert
MARC
| LEADER | 00000nam a2200000Ia 4500 | ||
|---|---|---|---|
| 001 | 23603 | ||
| 008 | 160829s9999 xx 000 0 cat d | ||
| 080 | |a Calaixera A-354 | ||
| 245 | |a Gloria [sic] i honor que tributa lo poble de Canyamàs al seu patró i advocat lo protomartyr sant Esteve / lletra i dibuixos de Joaquim Mascaró i música d'Albert Prats | ||
| 260 | |a Barcelona : |b Gràfiques A. Bas, [194-?] | ||
| 300 | |a 1 f. : |b il. ; |c 32 cm | ||
| 590 | |a Text a tres columnes separades per filets. | ||
| 590 | |a Data aproximada deduïda de les característiques tipogràfiques. | ||
| 590 | |a Imatge de l'advocació flanquejada per dos florons i orla amb motius tipogràfics. | ||
| 590 | |a Goigs cantat a la parròquia de Sant Esteve de Canyamars (Maresme). | ||
| 650 | |a Esteve, sant, s. I |x Goigs |9 49003 | ||
| 650 | |a Goigs catalans |x Maresme |9 49004 | ||
| 700 | |a Prats, Albert |9 49005 | ||
| 901 | |a Arxiu | ||
| 942 | |n 1 | ||
| 952 | |0 0 |1 0 |4 0 |6 CALAIXERA_A354 |7 1 |9 55032 |a Arxiu |b Arxiu |d 2012-08-22 |l 0 |o Calaixera A-354 |p 23603 |r 2016-12-01 00:00:00 |w 2016-12-01 |y ARXIU | ||
| 999 | |c 58902 |d 58902 | ||